[Event "IECC TH-M email"]
[Site "IECC email"]
[Date "2003.07.27"]
[Round "?"]
[White "Souvey, Sid"]
[Black "Endean, Andrew"]
[Result "1/2-1/2"]
[WhiteElo "1738"]
[BlackElo "1698"]
[PlyCount "45"]
[EventDate "2003.??.??"]
[EventType "match (corr)"]
[EventRounds "2"]
[SourceTitle "Corr 2008"]
[Source "ChessBase"]
[SourceDate "2008.06.24"]
[SourceVersion "1"]
[SourceVersionDate "2008.06.24"]
[SourceQuality "1"]

1. d4 Nf6 2. c4 g6 3. Nc3 d5 4. cxd5 Nxd5 5. e4 Nxc3 6. bxc3 Bg7 7. Ba3 Nd7 8. Qb3 c5 9. Bc4 0-0 10. Nf3 cxd4 11. cxd4 Nb6 12. Be2 Bd7 13. 0-0 Re8 14. Rab1 Rc8 15. Bc5 Na4 16. Bxa7 Qc7 17. Bd3 b5 18. Bc5 Nxc5 19. dxc5 Qxc5 20. Bxb5 Bxb5 21. Qxb5 Qxb5 22. Rxb5 Ra8 23. Rb7 1/2-1/2